LIBRARY & INFORMATION CENTRE, KCAET, TAVANUR

ONLINE PUBLIC ACCESS CATALOGUE (OPAC)

Soviet union, part 1 / (Record no. 1048)

MARC details
000 -LEADER
fixed length control field 00410cam a2200169ua 4500
041 ## - LANGUAGE CODE
Language code of text/sound track or separate title mal
082 ## - DEWEY DECIMAL CLASSIFICATION NUMBER
Classification number 947
Item number NAI/SO
100 ## - MAIN ENTRY--AUTHOR NAME
Personal name Nair, K.K .
245 00 - TITLE STATEMENT
Title Soviet union, part 1 /
260 ## - PUBLICATION, DISTRIBUTION, ETC. (IMPRINT)
Place of publication Trivandrum :
Name of publisher State Institute of Languages ,
Year of publication 1970.
300 ## - PHYSICAL DESCRIPTION
Number of Pages 492 ; .
942 ## - ADDED ENTRY ELEMENTS (KOHA)
Koha item type Books
Holdings
Withdrawn status Lost status Damaged status Home library Current library Date acquired Full call number Accession Number Koha item type
      KAUAET KAUAET 07/04/2012 947 13040 Books
free website counter